[Event "CFriend SL-2003-0-00004 email"]
[Site "Chessfriend.com"]
[Date "2003.02.19"]
[Round "?"]
[White "Che Hassan, Muhamad Rabani"]
[Black "Hynes, Thomas F"]
[Result "0-1"]
[WhiteElo "649"]
[BlackElo "1942"]
[PlyCount "66"]
[EventDate "2003.02.19"]
[EventType "tourn (corr)"]
[EventRounds "12"]
[SourceTitle "Corr 2008"]
[Source "ChessBase"]
[SourceDate "2008.06.24"]
[SourceVersion "1"]
[SourceVersionDate "2008.06.24"]
[SourceQuality "1"]

1. e4 c5 2. Nf3 d6 3. d4 cxd4 4. Nxd4 Nf6 5. Nc3 Nc6 6. Bc4 Qb6 7. Nxc6 bxc6 8. 0-0 g6 9. b3 Bg7 10. Bb2 0-0 11. Na4 Qc7 12. Nc3 Nxe4 13. Nxe4 Bxb2 14. Rb1 Bg7 15. Ng3 e5 16. Re1 d5 17. Bf1 f5 18. c4 f4 19. Nh1 Rd8 20. Qc1 Bf5 21. Rd1 Bxb1 22. Qxb1 e4 23. cxd5 cxd5 24. Be2 Qc3 25. Rc1 Qe5 26. Re1 Rac8 27. f3 e3 28. Bd3 Rc3 29. Re2 Rxd3 30. Re1 Qd4 31. Kf1 Rd2 32. g3 Rxh2 33. Kg1 Qd2 0-1

[Event "CFriend SL-2003-0-00004 email"]
[Site "Chessfriend.com"]
[Date "2003.02.19"]
[Round "?"]
[White "Dumins, Ilja"]
[Black "Che Hassan, Muhamad Rabani"]
[Result "1-0"]
[WhiteElo "1356"]
[BlackElo "649"]
[PlyCount "43"]
[EventDate "2003.02.19"]
[EventType "tourn (corr)"]
[EventRounds "12"]
[SourceTitle "Corr 2008"]
[Source "ChessBase"]
[SourceDate "2008.06.24"]
[SourceVersion "1"]
[SourceVersionDate "2008.06.24"]
[SourceQuality "1"]

1. e4 c5 2. Nf3 Nc6 3. d4 cxd4 4. Nxd4 a6 5. Nxc6 bxc6 6. Bc4 Bb7 7. Nc3 d6 8. 0-0 Nf6 9. Bg5 e6 10. Re1 Be7 11. a3 0-0 12. b4 Rc8 13. e5 Nd5 14. Bxe7 Qxe7 15. exd6 Qxd6 16. Nxd5 cxd5 17. Bd3 h6 18. Rc1 Rc3 19. Ra1 Rfc8 20. Re3 d4 21. Rg3 Kh8 22. Qg4 1-0

[Event "CFriend SL-2003-0-00004 email"]
[Site "Chessfriend.com"]
[Date "2003.02.19"]
[Round "?"]
[White "Galkine, Guy"]
[Black "Che Hassan, Muhamad Rabani"]
[Result "1-0"]
[WhiteElo "1489"]
[BlackElo "649"]
[PlyCount "45"]
[EventDate "2003.02.19"]
[EventType "tourn (corr)"]
[EventRounds "12"]
[SourceTitle "Corr 2008"]
[Source "ChessBase"]
[SourceDate "2008.06.24"]
[SourceVersion "1"]
[SourceVersionDate "2008.06.24"]
[SourceQuality "1"]

1. e4 c5 2. c3 d5 3. exd5 Qxd5 4. d4 Nc6 5. Nf3 Bg4 6. Be2 cxd4 7. cxd4 Nf6 8. Nc3 Qd8 9. 0-0 e5 10. Re1 Bxf3 11. Bxf3 Nxd4 12. Bxb7 Rb8 13. Rxe5+ Be7 14. Bd5 Qb6 15. Be3 Qc7 16. Bxd4 0-0 17. Bb3 Rfd8 18. Nd5 Nxd5 19. Rxd5 Rxd5 20. Bxd5 Qd7 21. Qh5 g6 22. Qf3 Rd8 23. Qxf7# 1-0

[Event "IECG CN.2000.0.00217"]
[Site "IECG email"]
[Date "2000.10.11"]
[Round "?"]
[White "Che Hassan, Muhamad Rabani"]
[Black "Tomlinson, Mark"]
[Result "0-1"]
[WhiteElo "770"]
[BlackElo "800"]
[PlyCount "72"]
[EventDate "2000.10.11"]
[EventType "tourn (corr)"]
[EventRounds "6"]
[SourceTitle "Corr 2008"]
[Source "ChessBase"]
[SourceDate "2008.06.24"]
[SourceVersion "1"]
[SourceVersionDate "2008.06.24"]
[SourceQuality "1"]

1. c4 Nf6 2. Nc3 e6 3. g3 g6 4. Bg2 Bg7 5. e3 0-0 6. Nge2 d5 7. cxd5 exd5 8. d3 Nbd7 9. 0-0 Ne5 10. a3 b6 11. d4 Nc4 12. b3 Na5 13. Qc2 c6 14. Nf4 Bf5 15. Qd2 Nxb3 16. Qb2 Nxa1 17. Qxa1 b5 18. Bb2 Re8 19. h3 Ne4 20. Nxe4 Bxe4 21. Bxe4 dxe4 22. h4 a5 23. d5 Bxb2 24. Qxb2 Qd6 25. dxc6 Qxc6 26. h5 g5 27. Nh3 h6 28. f4 exf3 29. Qd4 Rad8 30. Qb2 Rxe3 31. Nf2 Rde8 32. Ng4 R3e6 33. Qb3 Re1 34. Rxe1 Rxe1+ 35. Kf2 Re2+ 36. Kg1 Qc1+ 0-1

[Event "IECC O email"]
[Site "IECC email"]
[Date "2000.05.21"]
[Round "?"]
[White "Windle, Nicholas"]
[Black "Che Hassan, Muhamad Rabani"]
[Result "1-0"]
[WhiteElo "1296"]
[BlackElo "1400"]
[PlyCount "33"]
[EventDate "2000.??.??"]
[EventType "tourn (corr)"]
[EventRounds "6"]
[SourceTitle "Corr 2008"]
[Source "ChessBase"]
[SourceDate "2008.06.24"]
[SourceVersion "1"]
[SourceVersionDate "2008.06.24"]
[SourceQuality "1"]

1. e4 e6 2. d4 d5 3. Nc3 Nf6 4. Bg5 Be7 5. e5 Nfd7 6. h4 Bxg5 7. hxg5 Qxg5 8. Rh5 Qd8 9. Qf3 Nc6 10. 0-0-0 b6 11. Bb5 Bb7 12. Nh3 Qe7 13. g4 0-0-0 14. Nf4 Rdf8 15. Qd3 g6 16. Rh3 Qg5 17. Qf3 1-0

[Event "IECC CL4-1999.37"]
[Site "IECC email"]
[Date "1999.09.18"]
[Round "?"]
[White "Che Hassan, Muhamad Rabani"]
[Black "Brooks, Mark"]
[Result "0-1"]
[WhiteElo "1552"]
[BlackElo "1688"]
[PlyCount "40"]
[EventDate "1999.??.??"]
[EventType "tourn (corr)"]
[EventRounds "4"]
[SourceTitle "Corr 2008"]
[Source "ChessBase"]
[SourceDate "2008.06.24"]
[SourceVersion "1"]
[SourceVersionDate "2008.06.24"]
[SourceQuality "1"]

1. e4 c5 2. Nf3 Nc6 3. c3 e5 4. d4 cxd4 5. cxd4 exd4 6. Nxd4 Nf6 7. Nc3 Bb4 8. Bd2 Nxd4 9. Bd3 0-0 10. a3 Ba5 11. 0-0 d6 12. f3 d5 13. Bg5 Ne6 14. Bxf6 Qxf6 15. Rc1 Nf4 16. Qd2 d4 17. b4 dxc3 18. Qxc3 Qg5 19. g3 Bb6+ 20. Kh1 Bh3 0-1

[Event "IECC CL4-1999.37"]
[Site "IECC email"]
[Date "1999.09.18"]
[Round "?"]
[White "Flores, Luis"]
[Black "Che Hassan, Muhamad Rabani"]
[Result "1-0"]
[WhiteElo "1701"]
[BlackElo "1574"]
[PlyCount "31"]
[EventDate "1999.??.??"]
[EventType "tourn (corr)"]
[EventRounds "4"]
[SourceTitle "Corr 2008"]
[Source "ChessBase"]
[SourceDate "2008.06.24"]
[SourceVersion "1"]
[SourceVersionDate "2008.06.24"]
[SourceQuality "1"]

1. d4 Nf6 2. Bg5 e6 3. e4 Be7 4. e5 Nd5 5. Bd2 0-0 6. Bd3 c5 7. c4 Nb6 8. dxc5 Bxc5 9. Nf3 Nc6 10. Bxh7+ Kxh7 11. Ng5+ Kg8 12. Qh5 Re8 13. Qxf7+ Kh8 14. Qh5+ Kg8 15. Qh7+ Kf8 16. Qh8+ 1-0

[Event "IECC CL4-1999.37"]
[Site "IECC email"]
[Date "1999.09.18"]
[Round "?"]
[White "Torwong, Peerapol"]
[Black "Che Hassan, Muhamad Rabani"]
[Result "1-0"]
[WhiteElo "1682"]
[BlackElo "1562"]
[PlyCount "51"]
[EventDate "1999.??.??"]
[EventType "tourn (corr)"]
[EventRounds "4"]
[SourceTitle "Corr 2008"]
[Source "ChessBase"]
[SourceDate "2008.06.24"]
[SourceVersion "1"]
[SourceVersionDate "2008.06.24"]
[SourceQuality "1"]

1. e4 e6 2. d4 d5 3. Nd2 Nf6 4. e5 Nfd7 5. Bd3 c5 6. c3 Nc6 7. Ngf3 Qb6 8. 0-0 cxd4 9. cxd4 Nxd4 10. Nxd4 Qxd4 11. Nf3 Qb6 12. Qa4 Be7 13. Qc2 h6 14. Be3 Qd8 15. Rfd1 0-0 16. Rac1 b6 17. Qc6 Nc5 18. Qxa8 Qc7 19. b4 Bd7 20. Qxf8+ Bxf8 21. Rc3 Ba4 22. Rdc1 Bd7 23. bxc5 bxc5 24. Bxc5 Bxc5 25. Rxc5 Qb6 26. Rc8+ 1-0

[Event "IECC Swiss email"]
[Site "IECC email"]
[Date "1999.09.16"]
[Round "?"]
[White "Che Hassan, Muhamad Rabani"]
[Black "Newman, Nelson"]
[Result "0-1"]
[WhiteElo "1564"]
[BlackElo "2094"]
[PlyCount "62"]
[EventDate "1999.??.??"]
[EventType "tourn (corr)"]
[EventRounds "6"]
[SourceTitle "Corr 2008"]
[Source "ChessBase"]
[SourceDate "2008.06.24"]
[SourceVersion "1"]
[SourceVersionDate "2008.06.24"]
[SourceQuality "1"]

1. e4 e6 2. d4 d5 3. e5 c5 4. c3 Nc6 5. Nf3 Bd7 6. Bd3 cxd4 7. cxd4 Qb6 8. Bc2 Nb4 9. Nc3 Nxc2+ 10. Qxc2 Rc8 11. Bd2 Ne7 12. 0-0 Nc6 13. Be3 Na5 14. Rfe1 Nc4 15. b3 Nxe3 16. Rxe3 Bb4 17. Qb2 Qa5 18. Ne2 Ba3 19. Qd2 Qxd2 20. Nxd2 Ke7 21. Nf3 Rc7 22. g3 Rhc8 23. Ne1 Bb5 24. Nd3 Rc2 25. Nef4 g5 26. Ng2 Rd2 27. Nde1 Bb2 28. Rb1 Bxd4 29. Rf3 Bxe5 30. a4 Be2 31. Re3 Bd4 0-1

[Event "IECG CN.1999.0.00150"]
[Site "IECG email"]
[Date "1999.09.14"]
[Round "?"]
[White "Che Hassan, Muhamad Rabani"]
[Black "Ros, Alejandro"]
[Result "1/2-1/2"]
[WhiteElo "800"]
[BlackElo "800"]
[PlyCount "44"]
[EventDate "1999.09.14"]
[EventType "tourn (corr)"]
[EventRounds "6"]
[SourceTitle "Corr 2008"]
[Source "ChessBase"]
[SourceDate "2008.06.24"]
[SourceVersion "1"]
[SourceVersionDate "2008.06.24"]
[SourceQuality "1"]

1. e4 c5 2. c3 d5 3. exd5 Qxd5 4. Nf3 Nf6 5. Be2 e6 6. 0-0 Nc6 7. Re1 Be7 8. d4 0-0 9. Be3 Ng4 10. Nbd2 cxd4 11. Bxd4 Nxd4 12. Nxd4 Nf6 13. Bf3 Qd8 14. Qc2 Qc7 15. Rad1 Bd7 16. b3 Rfd8 17. Ne4 Rac8 18. c4 b5 19. Rc1 bxc4 20. Qxc4 Qb6 21. Qd3 Rxc1 22. Rxc1 Be8 1/2-1/2

[Event "IECG CN.1999.0.00150"]
[Site "IECG email"]
[Date "1999.09.14"]
[Round "?"]
[White "Van Den Broeck, Peter"]
[Black "Che Hassan, Muhamad Rabani"]
[Result "1-0"]
[WhiteElo "800"]
[BlackElo "800"]
[PlyCount "57"]
[EventDate "1999.09.14"]
[EventType "tourn (corr)"]
[EventRounds "6"]
[SourceTitle "Corr 2008"]
[Source "ChessBase"]
[SourceDate "2008.06.24"]
[SourceVersion "1"]
[SourceVersionDate "2008.06.24"]
[SourceQuality "1"]

1. d4 Nf6 2. c4 e6 3. Nc3 Bb4 4. Nf3 d5 5. Bg5 0-0 6. e3 b6 7. cxd5 exd5 8. Bd3 Be6 9. 0-0 Nbd7 10. Rc1 h6 11. Bxf6 Nxf6 12. Ne5 c5 13. Nc6 Qd7 14. Nxb4 cxd4 15. exd4 Rac8 16. Bb5 Qe7 17. Nc6 Qb7 18. Ne5 a6 19. Bd3 Nd7 20. Qe2 Rc7 21. Bxa6 Qa7 22. Nb5 Qxa6 23. Rxc7 Nxe5 24. dxe5 Qxa2 25. Ra7 Qb3 26. Rfa1 g6 27. Nd4 Qb4 28. Nxe6 fxe6 29. Qc2 1-0

[Event "IECC M email"]
[Site "IECC email"]
[Date "1999.08.28"]
[Round "?"]
[White "Che Hassan, Muhamad Rabani"]
[Black "Bass, Stanley"]
[Result "0-1"]
[WhiteElo "1587"]
[BlackElo "1665"]
[PlyCount "60"]
[EventDate "1999.??.??"]
[EventType "tourn (corr)"]
[EventRounds "6"]
[SourceTitle "Corr 2008"]
[Source "ChessBase"]
[SourceDate "2008.06.24"]
[SourceVersion "1"]
[SourceVersionDate "2008.06.24"]
[SourceQuality "1"]

1. e4 c5 2. Nf3 Nc6 3. Bc4 Nf6 4. d3 Na5 5. Nbd2 Nxc4 6. Nxc4 d5 7. exd5 Nxd5 8. 0-0 b5 9. Ncd2 Bg4 10. Ne4 e5 11. h3 Bxf3 12. Qxf3 Be7 13. Re1 0-0 14. c4 Nb4 15. Rb1 Qxd3 16. Qxd3 Nxd3 17. Rd1 bxc4 18. Be3 f5 19. Nd2 f4 20. Nxc4 e4 21. Bd2 Bh4 22. f3 exf3 23. gxf3 Nf2 24. Rf1 Nxh3+ 25. Kg2 Ng5 26. Rh1 Bg3 27. Rbc1 Rae8 28. Bc3 Re2+ 29. Kg1 Nxf3+ 30. Kf1 Rf2# 0-1